| 000 -CABECERA |
| Longitud fija campo de control |
01525nam a2200409 a 4500 |
| 001 - NÚMERO DE CONTROL |
| Número de control |
991032347379706706 |
| 003 - IDENTIFICADOR DEL NÚMERO DE CONTROL |
| Identificador del número de control |
OSt |
| 005 - FECHA Y HORA DE LA ÚLTIMA TRANSACCIÓN |
| Fecha y hora de la última transacción |
20211202131633.0 |
| 008 - CÓDIGOS DE INFORMACIÓN DE LONGITUD FIJA |
| Códigos de información de longitud fija |
050525s2005 spc|||||| 000 ||spa |
| 015 ## - NÚMERO DE BIBLIOGRAFÍA NACIONAL |
| Número de bibliografía nacional |
LL2005 |
| Fuente |
bnc |
| 017 ## - NÚMERO DE COPYRIGHT O DE DEPÓSITO LEGAL |
| Número de copyright o de depósito legal |
DL B. 14445-2005 |
| Agencia que asigna el número |
Biblioteca de Catalunya |
| 020 ## - NÚMERO INTERNACIONAL NORMALIZADO PARA LIBROS |
| Número Internacional Normalizado para Libros (ISBN) |
8483346451 |
| 035 ## - NÚMERO DE CONTROL DEL SISTEMA |
| Número de control del sistema |
(ES-BaCBU)b33229946-34csuc_network |
| 035 ## - NÚMERO DE CONTROL DEL SISTEMA |
| Número de control del sistema |
(ES-BaCBU).b33229946 |
| 035 ## - NÚMERO DE CONTROL DEL SISTEMA |
| Número de control del sistema |
(ccuc001)b33229946 |
| 040 ## - FUENTE DE LA CATALOGACIÓN |
| Centro catalogador de origen |
ES-BaBC |
| Lengua de catalogación |
cat |
| Centro transcriptor |
CDMR |
| 043 ## - CÓDIGO DE ÁREA GEOGRÁFICA |
| Código de área geográfica |
n-us--- |
| -- |
e-sp--- |
| 080 ## - NÚMERO DE LA CLASIFICACIÓN DECIMAL UNIVERSAL |
| Número de la Clasificación Decimal Universal |
324:659.3/.4(73) |
| 080 ## - NÚMERO DE LA CLASIFICACIÓN DECIMAL UNIVERSAL |
| Número de la Clasificación Decimal Universal |
324:659.3/.4(460) |
| 100 1# - PUNTO DE ACCESO PRINCIPAL-NOMBRE DE PERSONA |
| Nombre de persona |
Colomé, Gabriel, |
| 245 13 - MENCIÓN DE TÍTULO |
| Título |
El Príncipe en campaña / |
| Mención de responsabilidad, etc. |
Gabriel Colomé |
| 260 ## - PUBLICACIÓN, DISTRIBUCIÓN, ETC. (PIE DE IMPRENTA) |
| Lugar de publicación, distribución, etc. |
Barcelona : |
| Nombre del editor, distribuidor, etc. |
Mediterrània : |
| -- |
Fundació Rafael Campalans, |
| Fecha de publicación, distribución, etc. |
2005 |
| 300 ## - DESCRIPCIÓN FÍSICA |
| Extensión |
148 p. ; |
| Dimensiones |
19 cm |
| 490 1# - MENCIÓN DE SERIE |
| Mención de serie |
Col·lecció reflexió ; |
| Designación de volumen o secuencia |
14 |
| 504 ## - NOTA DE BIBLIOGRAFÍA, ETC |
| Nota de bibliografía, etc. |
Bibliografia p. 145-148 |
| 650 #7 - PUNTO DE ACCESO ADICIONAL DE MATERIA - TÉRMINO DE MATERIA |
| Término de materia o nombre geográfico como elemento inicial |
Campanyes electorals |
| Subdivisión geográfica |
Estats Units d'Amèrica. |
| Fuente del encabezamiento o término |
lemac |
| 650 #7 - PUNTO DE ACCESO ADICIONAL DE MATERIA - TÉRMINO DE MATERIA |
| Término de materia o nombre geográfico como elemento inicial |
Comunicació en la política |
| Subdivisión geográfica |
Estats Units d'Amèrica. |
| Fuente del encabezamiento o término |
lemac |
| 650 #7 - PUNTO DE ACCESO ADICIONAL DE MATERIA - TÉRMINO DE MATERIA |
| Término de materia o nombre geográfico como elemento inicial |
Mitjans de comunicació de massa |
| Subdivisión geográfica |
Estats Units d'Amèrica. |
| Subdivisión de materia general |
Aspectes polítics |
| Fuente del encabezamiento o término |
lemac |
| 650 #7 - PUNTO DE ACCESO ADICIONAL DE MATERIA - TÉRMINO DE MATERIA |
| Término de materia o nombre geográfico como elemento inicial |
Campanyes electorals |
| Subdivisión geográfica |
Espanya. |
| Fuente del encabezamiento o término |
lemac |
| 650 #7 - PUNTO DE ACCESO ADICIONAL DE MATERIA - TÉRMINO DE MATERIA |
| Término de materia o nombre geográfico como elemento inicial |
Comunicació en la política |
| Subdivisión geográfica |
Espanya. |
| Fuente del encabezamiento o término |
lemac |
| 650 #7 - PUNTO DE ACCESO ADICIONAL DE MATERIA - TÉRMINO DE MATERIA |
| Término de materia o nombre geográfico como elemento inicial |
Mitjans de comunicació de massa |
| Subdivisión geográfica |
Espanya. |
| Fuente del encabezamiento o término |
lemac |
| Subdivisión de materia general |
Aspectes polítics |
| 830 #0 - PUNTO DE ACCESO ADICIONAL DE SERIE - TÍTULO UNIFORME |
| Título uniforme |
Col·lecció reflexió ; |
| Designación de volumen o secuencia |
14 |
| 907 ## - ELEMENTO G DATOS LOCALES, GDL (RLIN) |
| a |
.b33229946 |
| b |
17-06-21 |
| c |
09-05-08 |
| d |
07-05-08 |
| e |
m |
| f |
a |
| g |
- |
| h |
spa |
| i |
spc |
| j |
3 |
| k |
7 |
| 908 ## - CONTROL DE PARÁMETROS (RLIN) |
| Parametro de comando lanzado |
BPC |
| -- |
BAB |
| -- |
BC |
| -- |
UAB |
| -- |
UB |
| -- |
UJI |
| -- |
UPF |
| -- |
URV |
| -- |
CLR |
| 940 ## - |
| T&íacute;tulo uniforme |
<a href="BC">BC</a> |
| 942 ## - ENTRADA DE ELEMENTOS AGREGADOS (KOHA) |
| Fuente de clasificaión o esquema |
|
| Koha [por defecto] tipo de item |
Monografies |